书目信息 |
| 题名: |
国外建筑实例图集
|
|
| 作者: | ;南京工学院建筑系民用建筑教研组 选编 | |
| 分册: | 医院建筑 | |
| 出版信息: | 北京 中国建筑工业出版社 1983 |
|
| 页数: | 134页 | |
| 开本: | 25cm | |
| 丛书名: | ||
| 单 册: | ||
| 中图分类: | TU246.1 | |
| 科图分类: | ||
| 主题词: | 民用建筑--建筑设计 | |
| 电子资源: | ||
| ISBN: | ||
| 000 | 00754nam0 2200241 45 | |
| 001 | 0183004882 | |
| 005 | 20040517092601.3 | |
| 010 | @dCNY1.40 | |
| 091 | @a15040.4474 | |
| 100 | @a19950624d1983 em y0chiy0121 ea | |
| 101 | 0 | @achi |
| 102 | @aCN@b110000 | |
| 105 | @aa z 000yy | |
| 106 | @ar | |
| 200 | 10 | @a国外建筑实例图集@Aguo wai jian zhu shi li tu ji@i医院建筑@f南京工学院建筑系民用建筑教研组选编 |
| 210 | @a北京@c中国建筑工业出版社@d1983 | |
| 215 | @a134页@d25cm | |
| 606 | 0 | @a民用建筑@x建筑设计 |
| 690 | @aTU246.1 | |
| 711 | 02 | @a南京工学院建筑系民用建筑教研组@Anan jing gong xue yuan jian zhu xi min yong jian zhu jiao yan zu@4选编 |
| 801 | 0 | @aCN@b上海图书馆@c20040517 |
| 801 | 2 | @aCN@bNLC@c20040517 |
| 905 | @f1@b106708@dTU246.1@e43 | |
| 国外建筑实例图集.医院建筑/南京工学院建筑系民用建筑教研组选编.-北京:中国建筑工业出版社,1983 |
| 134页;25cm |
| ISBN :CNY1.40 |
| ● |
| 相关链接 |
|
|
|
|
正题名:国外建筑实例图集
索取号:TU246.1/43
 
预约/预借
| 序号 | 登录号 | 条形码 | 馆藏地/架位号 | 状态 | 备注 |
| 1 | 0106708 | 001480579 | 第三借阅区/ [索取号:TU246.1/43] | 在馆 | |
| 2 | 0106709 | 001480640 | 第二样本阅览室/ [索取号:TU246.1/43] | 在馆 |